{"text_format":"3","workbook":"xlsx","n_sheets":1,"sheets":["t156"],"read":"whole","date_system":"1900"}

{"sheet":"t156","index":0,"n_rows":137,"n_cols":7,"rows_kept":137,"merged":[[0,0,0,6],[30,0,30,5],[41,0,41,5],[122,0,122,5]]}
["TABELA 156.1 - Estatísticas Agrícolas, Município de Dobrada, Estado de São Paulo, 2007/08."]
["ITEM","UNIDADE","N.DE UPAs","MÍNIMO","MÉDIO","MÁXIMO","TOTAL"]
["Distância à sede do município","km",112,0.3,{"v":4.12,"d":"4.1"},{"v":15,"d":"15.0"},"-"]
["Área total","hectare",112,2.4,{"v":129.33,"d":"129.3"},{"v":2211.8,"d":"2,211.8"},{"v":14484.5,"d":"14,484.5"}]
["Área com cultura perene","hectare",14,0.3,{"v":8.08,"d":"8.1"},33.6,113.1]
["Área com cultura temporária","hectare",103,{"v":1,"d":"1.0"},{"v":113.48,"d":"113.5"},{"v":1720,"d":"1,720.0"},{"v":11688.6,"d":"11,688.6"}]
["Área com pastagem","hectare",32,0.3,{"v":7.49,"d":"7.5"},{"v":50,"d":"50.0"},239.6]
["Área com reflorestamento","hectare",7,0.1,{"v":6,"d":"6.0"},33.4,{"v":42,"d":"42.0"}]
["Área com vegetação natural","hectare",94,0.1,{"v":14,"d":"14.0"},327.8,{"v":1316.3,"d":"1,316.3"}]
["Área com vegetação de brejo e várzea","hectare",30,0.1,{"v":5.11,"d":"5.1"},{"v":70,"d":"70.0"},153.3]
["Área em descanso","hectare",3,0.7,{"v":4.77,"d":"4.8"},11.1,14.3]
["Área complementar","hectare",112,0.1,{"v":8.19,"d":"8.2"},{"v":140,"d":"140.0"},917.3]
["Área das UPAs com (0, 1] ha","hectare","-","-","-","-","-"]
["Área das UPAs com (1, 2] ha","hectare","-","-","-","-","-"]
["Área das UPAs com (2, 5] ha","hectare",7,2.4,{"v":4.23,"d":"4.2"},{"v":5,"d":"5.0"},29.6]
["Área das UPAs com (5, 10] ha","hectare",9,5.5,{"v":7.64,"d":"7.6"},9.6,68.8]
["Área das UPAs com (10, 20] ha","hectare",31,11.1,{"v":15.05,"d":"15.1"},19.3,466.4]
["Área das UPAs com (20, 50] ha","hectare",26,20.1,{"v":30.17,"d":"30.2"},48.4,784.4]
["Área das UPAs com (50, 100] ha","hectare",16,50.3,{"v":69.24,"d":"69.2"},92.6,{"v":1107.9,"d":"1,107.9"}]
["Área das UPAs com (100, 200] ha","hectare",8,114.8,{"v":158.51,"d":"158.5"},181.5,{"v":1268.1,"d":"1,268.1"}]
["Área das UPAs com (200, 500] ha","hectare",6,204.7,{"v":298.95,"d":"299.0"},387.2,{"v":1793.7,"d":"1,793.7"}]
["Área das UPAs com (500, 1.000] ha","hectare",6,503.1,{"v":578.82,"d":"578.8"},684.5,{"v":3472.9,"d":"3,472.9"}]
["Área das UPAs com (1.000, 2.000] ha","hectare",2,{"v":1457,"d":"1,457.0"},{"v":1640.45,"d":"1,640.5"},{"v":1823.9,"d":"1,823.9"},{"v":3280.9,"d":"3,280.9"}]
["Área das UPAs com (2.000, 5.000] ha","hectare",1,{"v":2211.8,"d":"2,211.8"},{"v":2211.8,"d":"2,211.8"},{"v":2211.8,"d":"2,211.8"},{"v":2211.8,"d":"2,211.8"}]
["Área das UPAs com (5.000, 10.000] ha","hectare","-","-","-","-","-"]
["Área das UPAs acima de 10.000 ha","hectare","-","-","-","-","-"]
["Familiares do proprietário que trabalham na UPA","unidade",60,{"v":1,"d":"1.0"},{"v":1.13,"d":"1.1"},{"v":3,"d":"3.0"},{"v":68,"d":"68.0"}]
["Trabalhadores permanentes","unidade",19,{"v":1,"d":"1.0"},{"v":2.42,"d":"2.4"},{"v":22,"d":"22.0"},{"v":46,"d":"46.0"}]
["Fonte: Secretaria de Agricultura e Abastecimento, CDRS/IEA, Projeto LUPA."]
[]
["TABELA 156.2 - Explorações Animais, Município de Dobrada, Estado de São Paulo, 2007/08."]
["ITEM","UNIDADE","N.DE UPAs","MÍNIMO","MÉDIO","MÁXIMO","TOTAL"]
["Bovinocultura de Corte","cabeças",1,{"v":50,"d":"50.0"},{"v":50,"d":"50.0"},{"v":50,"d":"50.0"},{"v":50,"d":"50.0"}]
["Bovinocultura Leiteira","cabeças",1,{"v":230,"d":"230.0"},{"v":230,"d":"230.0"},{"v":230,"d":"230.0"},{"v":230,"d":"230.0"}]
["Bovinocultura Mista","cabeças",25,{"v":2,"d":"2.0"},9.8,{"v":36,"d":"36.0"},{"v":245,"d":"245.0"}]
["Caprinocultura","cabeças",1,{"v":35,"d":"35.0"},{"v":35,"d":"35.0"},{"v":35,"d":"35.0"},{"v":35,"d":"35.0"}]
["Equinocultura","cabeças",3,{"v":1,"d":"1.0"},{"v":2,"d":"2.0"},{"v":3,"d":"3.0"},{"v":6,"d":"6.0"}]
["Ovinocultura","cabeças",2,{"v":20,"d":"20.0"},{"v":35,"d":"35.0"},{"v":50,"d":"50.0"},{"v":70,"d":"70.0"}]
["Suinocultura","cabeças",2,{"v":4,"d":"4.0"},{"v":5,"d":"5.0"},{"v":6,"d":"6.0"},{"v":10,"d":"10.0"}]
["Fonte: Secretaria de Agricultura e Abastecimento, CDRS/IEA, Projeto LUPA."]
[]
["TABELA 156.3 -  Máquinas, Implementos e Benfeitorias, Município de Dobrada, Estado de São Paulo, 2007/08."]
["ITEM","UNIDADE","N.DE UPAs","MÍNIMO","MÉDIO","MÁXIMO","TOTAL"]
["Arado Comum (Bacia, Aiveca)","Unidade",19,{"v":1,"d":"1.0"},{"v":1,"d":"1.0"},{"v":1,"d":"1.0"},{"v":19,"d":"19.0"}]
["Arado Escarificador","Unidade",1,{"v":2,"d":"2.0"},{"v":2,"d":"2.0"},{"v":2,"d":"2.0"},{"v":2,"d":"2.0"}]
["Arado Subsolador","Unidade",1,{"v":1,"d":"1.0"},{"v":1,"d":"1.0"},{"v":1,"d":"1.0"},{"v":1,"d":"1.0"}]
["Carregadeira de Cana","Unidade",2,{"v":1,"d":"1.0"},{"v":2,"d":"2.0"},{"v":3,"d":"3.0"},{"v":4,"d":"4.0"}]
["Colhedeira Automotriz","Unidade",1,{"v":4,"d":"4.0"},{"v":4,"d":"4.0"},{"v":4,"d":"4.0"},{"v":4,"d":"4.0"}]
["Computador","Unidade",2,{"v":1,"d":"1.0"},{"v":1,"d":"1.0"},{"v":1,"d":"1.0"},{"v":2,"d":"2.0"}]
["Desintegrador, Picador, Triturador","Unidade",13,{"v":1,"d":"1.0"},{"v":1.15,"d":"1.2"},{"v":2,"d":"2.0"},{"v":15,"d":"15.0"}]
["Distribuidor de Calcário","Unidade",2,{"v":1,"d":"1.0"},{"v":1,"d":"1.0"},{"v":1,"d":"1.0"},{"v":2,"d":"2.0"}]
["Ensiladeira","Unidade",1,{"v":3,"d":"3.0"},{"v":3,"d":"3.0"},{"v":3,"d":"3.0"},{"v":3,"d":"3.0"}]
["Grade Aradora (Tipo Romi)","Unidade",3,{"v":1,"d":"1.0"},{"v":2.33,"d":"2.3"},{"v":5,"d":"5.0"},{"v":7,"d":"7.0"}]
["Grade Niveladora","Unidade",21,{"v":1,"d":"1.0"},{"v":1.24,"d":"1.2"},{"v":5,"d":"5.0"},{"v":26,"d":"26.0"}]
["Misturador de Ração","Unidade",1,{"v":1,"d":"1.0"},{"v":1,"d":"1.0"},{"v":1,"d":"1.0"},{"v":1,"d":"1.0"}]
["Pulverizador Tratorizado","Unidade",16,{"v":1,"d":"1.0"},{"v":1.38,"d":"1.4"},{"v":5,"d":"5.0"},{"v":22,"d":"22.0"}]
["Semeadeira/Adubadeira para Plantio Convencional","Unidade",4,{"v":1,"d":"1.0"},{"v":1.25,"d":"1.3"},{"v":2,"d":"2.0"},{"v":5,"d":"5.0"}]
["Trator de Esteiras","Unidade",1,{"v":1,"d":"1.0"},{"v":1,"d":"1.0"},{"v":1,"d":"1.0"},{"v":1,"d":"1.0"}]
["Trator de Pneus","Unidade",27,{"v":1,"d":"1.0"},{"v":1.93,"d":"1.9"},{"v":18,"d":"18.0"},{"v":52,"d":"52.0"}]
["Açude/Represa","Unidade",24,{"v":1,"d":"1.0"},1.5,{"v":4,"d":"4.0"},{"v":36,"d":"36.0"}]
["Almoxarifado/Oficina","Unidade",2,{"v":1,"d":"1.0"},1.5,{"v":2,"d":"2.0"},{"v":3,"d":"3.0"}]
["Barracão para Granja/Avicultura","Unidade",1,{"v":1,"d":"1.0"},{"v":1,"d":"1.0"},{"v":1,"d":"1.0"},{"v":1,"d":"1.0"}]
["Barracão/Galpão/Garagem","Unidade",30,{"v":1,"d":"1.0"},1.3,{"v":4,"d":"4.0"},{"v":39,"d":"39.0"}]
["Casa de Moradia Habitada","Unidade",37,{"v":1,"d":"1.0"},{"v":1.86,"d":"1.9"},{"v":9,"d":"9.0"},{"v":69,"d":"69.0"}]
["Casa de Moradia Total","Unidade",51,{"v":1,"d":"1.0"},{"v":2.35,"d":"2.4"},{"v":19,"d":"19.0"},{"v":120,"d":"120.0"}]
["Curral/Mangueira","Unidade",20,{"v":1,"d":"1.0"},{"v":1,"d":"1.0"},{"v":1,"d":"1.0"},{"v":20,"d":"20.0"}]
["Depósito/Tulha","Unidade",9,{"v":1,"d":"1.0"},{"v":1.44,"d":"1.4"},{"v":5,"d":"5.0"},{"v":13,"d":"13.0"}]
["Máquina de Benefício","Unidade",1,{"v":1,"d":"1.0"},{"v":1,"d":"1.0"},{"v":1,"d":"1.0"},{"v":1,"d":"1.0"}]
["Pocilga","Unidade",4,{"v":1,"d":"1.0"},{"v":1,"d":"1.0"},{"v":1,"d":"1.0"},{"v":4,"d":"4.0"}]
["Poço Semi-Artesiano","Unidade",21,{"v":1,"d":"1.0"},{"v":1.19,"d":"1.2"},{"v":3,"d":"3.0"},{"v":25,"d":"25.0"}]
["Terreiro","m²",5,{"v":1,"d":"1.0"},428.2,{"v":900,"d":"900.0"},{"v":2141,"d":"2,141.0"}]
["Fonte: Secretaria de Agricultura e Abastecimento, CDRS/IEA, Projeto LUPA."]
[]
["TABELA 156.4 - Outras Estatísticas Agrícolas, Município de Dobrada, Estado de São Paulo, 2007/08."]
["ITEM","Número de UPAs",null,"Percentual"]
["Faz Parte de Associação de Produtores",22,null,{"v":19.642857142857142,"d":"19.6"}]
["Faz Parte de Cooperativa de Produtores",72,null,{"v":64.28571428571428,"d":"64.3"}]
["Faz Parte do Sindicato de Produtores",23,null,{"v":20.535714285714285,"d":"20.5"}]
["Não utiliza assistência técnica ",29,null,{"v":25.892857142857142,"d":"25.9"}]
["Utiliza somente assistência técnica governamental ",12,null,{"v":10.714285714285714,"d":"10.7"}]
["Utiliza somente assistência técnica privada ",38,null,{"v":33.92857142857143,"d":"33.9"}]
["Utiliza assistência técnica tanto governamental quanto privada",33,null,{"v":29.464285714285715,"d":"29.5"}]
["Utiliza Crédito Rural",9,null,{"v":8.035714285714285,"d":"8.0"}]
["Utiliza Seguro Rural",4,null,{"v":3.5714285714285716,"d":"3.6"}]
["Utiliza Escrituração Agrícola",12,null,{"v":10.714285714285715,"d":"10.7"}]
["Acessa Internet p/ Fins na Agropecuária",26,null,{"v":23.214285714285715,"d":"23.2"}]
["Utiliza Computador nas Atividades Agropecuárias",28,null,{"v":25,"d":"25.0"}]
["Utiliza Energia Elétrica Para Uso na Atividade Agrícola",44,null,{"v":39.285714285714285,"d":"39.3"}]
["Realiza Análise de Solo, quando necessário",33,null,{"v":29.464285714285715,"d":"29.5"}]
["Utiliza Práticas de Conservação de Solo, quando necessário",74,null,{"v":66.07142857142857,"d":"66.1"}]
["Faz Adubação Mineral, quando necessário",94,null,{"v":83.92857142857143,"d":"83.9"}]
["Faz Adubação Orgânica, quando necessário",4,null,{"v":3.5714285714285716,"d":"3.6"}]
["Faz Adubação Verde, quando necessário",4,null,{"v":3.5714285714285716,"d":"3.6"}]
["Utiliza Manejo Integrado de Pragas (MIP)","-",null,"-"]
["Utiliza Hidroponia","-",null,"-"]
["Utiliza Plasticultura","-",null,"-"]
["Utiliza Mudas Fiscalizadas",41,null,{"v":36.60714285714286,"d":"36.6"}]
["Utiliza Semente Melhorada",11,null,{"v":9.821428571428571,"d":"9.8"}]
["Faz Confinamento de Bovinos",1,null,{"v":0.8928571428571429,"d":"0.9"}]
["Utiliza Pastejo Intensivo","-",null,"-"]
["Faz Inseminação Artificial","-",null,"-"]
["Faz Mineralização do Rebanho",12,null,{"v":10.714285714285715,"d":"10.7"}]
["Faz Vermifugação do Rebanho",13,null,{"v":11.607142857142858,"d":"11.6"}]
["Possui Parceiros /Arrendatários na Exploração Animal",1,null,{"v":0.8928571428571429,"d":"0.9"}]
["Esporte e lazer","-",null,"-"]
["Extração mineral","-",null,"-"]
["Hotel Fazenda, Pousada ou SPA","-",null,"-"]
["Pesque-pague","-",null,"-"]
["Restaurante ou Lanchonete","-",null,"-"]
["Transformação artesanal","-",null,"-"]
["Turismo rural ou ecoturismo","-",null,"-"]
["Outras atividades econômicas rurais","-",null,"-"]
["Agroindústria",1,null,{"v":0.8928571428571429,"d":"0.9"}]
["Proprietário sem instrução ou com instrução incompleta",9,null,{"v":8.035714285714285,"d":"8.0"}]
["Proprietário com antigo primário completo",28,null,{"v":25,"d":"25.0"}]
["Proprietário com 1° grau (ou antigo ginasial) completo",4,null,{"v":3.5714285714285716,"d":"3.6"}]
["Proprietário com 2° grau (ou antigo colegial) completo",17,null,{"v":15.178571428571427,"d":"15.2"}]
["Proprietário com curso superior completo ",33,null,{"v":29.464285714285715,"d":"29.5"}]
["Pessoa Jurídica",21,null,{"v":18.75,"d":"18.8"}]
["Proprietário residente na própria UPA ",6,null,{"v":5.357142857142857,"d":"5.4"}]
["Fonte: Secretaria de Agricultura e Abastecimento, CDRS/IEA, Projeto LUPA."]
[]
["TABELA 156.5 - Área Cultivada, Município de Dobrada, Estado de São Paulo, 2007/08."]
["CULTURA","N.DE UPAs","MÍNIMO","MÉDIO","MÁXIMO","TOTAL"]
["Cana-de-acucar",103,{"v":1,"d":"1.0"},{"v":113.24,"d":"113.2"},{"v":1720,"d":"1,720.0"},{"v":11664,"d":"11,664.0"}]
["Amendoim",5,8.6,{"v":92.06,"d":"92.1"},{"v":250,"d":"250.0"},460.3]
["Gramas",24,0.3,{"v":5.13,"d":"5.1"},24.2,123.1]
["Braquiaria",8,0.8,{"v":14.56,"d":"14.6"},{"v":50,"d":"50.0"},116.5]
["Laranja",11,0.5,{"v":8.43,"d":"8.4"},33.6,92.7]
["Eucalipto",7,0.1,{"v":6,"d":"6.0"},33.4,{"v":42,"d":"42.0"}]
["Milho",4,2.4,5.4,{"v":12,"d":"12.0"},21.6]
["Tangor",1,8.5,8.5,8.5,8.5]
["Goiaba",1,7.5,7.5,7.5,7.5]
["Limao",2,1.3,{"v":2.05,"d":"2.1"},2.8,4.1]
["Sorgo",1,{"v":3,"d":"3.0"},{"v":3,"d":"3.0"},{"v":3,"d":"3.0"},{"v":3,"d":"3.0"}]
["Tangerina",1,0.3,0.3,0.3,0.3]
["Fonte: Secretaria de Agricultura e Abastecimento, CDRS/IEA, Projeto LUPA."]